[Event "Wch Seniors (Women) 23rd 2013"]
[Site "Opatija"]
[Date "2013.11.14"]
[Round "3.12"]
[White "Milashevskaja, Valentina"]
[Black "Korneeva, Tamara"]
[Result "1-0"]
[WhiteElo "1814"]
[BlackElo "1757"]
[PlyCount "89"]
[EventDate "2013.11.12"]
[EventRounds "9"]
[EventCountry "CRO"]

1. Nf3 d6 2. d4 Nf6 3. g3 g6 4. Bg2 Bg7 5. c4 c6 6. O-O O-O 7. Nc3 d5 8. c5 b6
9. b4 a6 10. a4 Bb7 11. Bb2 Nbd7 12. Qc2 Qc7 13. e4 dxe4 14. Nxe4 Rad8 15. Nc3
b5 16. axb5 axb5 17. Rfe1 Rfe8 18. Qb3 e5 19. dxe5 Nxe5 20. Nxe5 Rxe5 21. Rxe5
Qxe5 22. Nxb5 Qe7 23. Nd6 Rxd6 24. cxd6 Qxd6 25. Rd1 Qc7 26. Qc4 Qb6 27. Bd4
Qd8 28. Re1 Qd6 29. Bc5 Qd2 30. Qe2 Qc3 31. Rd1 h5 32. h3 Qb3 33. Rd8+ Kh7 34.
Qe7 Ba6 35. Bxc6 Qb1+ 36. Kh2 Bc4 37. b5 Bxb5 38. Bxb5 Qxb5 39. Bd4 Qf5 40. Qc5
Qd3 41. Bxf6 Qb3 42. Bxg7 Kxg7 43. Qe5+ f6 44. Rd7+ Kh6 45. Qxf6 1-0

[Event "Wch Seniors (Women) 23rd 2013"]
[Site "Opatija"]
[Date "2013.11.15"]
[Round "4.1"]
[White "Melashvili, Nino"]
[Black "Miednikova, Swietlana"]
[Result "1/2-1/2"]
[WhiteElo "2126"]
[BlackElo "2166"]
[PlyCount "104"]
[EventDate "2013.11.12"]
[EventRounds "9"]
[EventCountry "CRO"]

1. Nf3 d5 2. d4 Nf6 3. Bf4 e6 4. e3 c5 5. c3 Nc6 6. Nbd2 Be7 7. h3 O-O 8. Bd3
Nh5 9. Bh2 f5 10. Ne5 Nxe5 11. dxe5 g6 12. g4 Ng7 13. Qe2 Bd7 14. Bb5 Bxb5 15.
Qxb5 Qc7 16. O-O c4 17. Qa4 b5 18. Qd1 a5 19. Nf3 b4 20. Nd4 Qb6 21. b3 Rfc8
22. Rc1 Rc5 23. bxc4 Rxc4 24. cxb4 axb4 25. Qb3 Qa6 26. Ra1 Rc3 27. Qb2 Qc4 28.
Rfc1 Rc8 29. Ne2 Rc2 30. Rxc2 Qxc2 31. Qxc2 Rxc2 32. Kf1 fxg4 33. hxg4 Rc4 34.
Nd4 Bc5 35. Rd1 Kf7 36. Bf4 h5 37. f3 Ne8 38. Ke2 Bb6 39. Bg5 Nc7 40. gxh5 Bxd4
41. exd4 gxh5 42. Bd8 Nb5 43. Ke3 Rc2 44. Rb1 Rxa2 45. Rxb4 Na3 46. Rb7+ Kg6
47. Re7 Nc2+ 48. Kd3 Ne1+ 49. Ke3 Ng2+ 50. Kd3 Nf4+ 51. Ke3 Ng2+ 52. Kd3 Nf4+
1/2-1/2

[Event "Wch Seniors (Women) 23rd 2013"]
[Site "Opatija"]
[Date "2013.11.15"]
[Round "4.2"]
[White "Khmiadashvili, Tamar"]
[Black "Khropova, Larisa"]
[Result "1-0"]
[WhiteElo "2158"]
[BlackElo "2009"]
[PlyCount "120"]
[EventDate "2013.11.12"]
[EventRounds "9"]
[EventCountry "CRO"]

1. c4 c6 2. e3 Nf6 3. b3 d5 4. Bb2 Bf5 5. d3 e6 6. Nd2 Nbd7 7. f3 Bg6 8. d4 Be7
9. Ne2 h6 10. Nf4 Bh7 11. c5 Qc7 12. Nd3 O-O 13. f4 Ne4 14. Nxe4 Bxe4 15. Rg1
Bxd3 16. Bxd3 g6 17. Bc3 f5 18. g4 Kh7 19. Qc2 Qc8 20. Qg2 Rg8 21. Qh3 Qf8 22.
Ke2 Qf7 23. Rg2 Nf6 24. g5 Nh5 25. gxh6 Kxh6 26. Rag1 Qf6 27. Kd2 Qh4 28. Qf3
Qf6 29. Kc2 Qf7 30. Qh3 Qf6 31. Be1 b6 32. Be2 Qf7 33. b4 a5 34. Bxh5 gxh5 35.
Rxg8 Rxg8 36. Rxg8 Qxg8 37. Qg3 Qa8 38. bxa5 bxa5 39. Qg2 Qa6 40. Bc3 Qc4 41.
Kb2 a4 42. Qd2 Bd8 43. Ka3 Bh4 44. Ba5 Kg6 45. Bb4 Qf1 46. Kxa4 Bf2 47. Bc3 Qg1
48. Ka5 Bxe3 49. Qe2 Qb1 50. a4 Qe4 51. Kb6 Qxf4 52. Kxc6 Bxd4 53. Qxe6+ Kg5
54. Qg8+ Kh4 55. Bxd4 Qxh2 56. Bf6+ Kh3 57. Qg5 Qe2 58. Qxf5+ Kg3 59. Qe5+ Qxe5
60. Bxe5+ Kf3 1-0

[Event "Wch Seniors (Women) 23rd 2013"]
[Site "Opatija"]
[Date "2013.11.15"]
[Round "4.5"]
[White "Fatalibekova, Elena"]
[Black "Strutinskaya, Galina N"]
[Result "1-0"]
[WhiteElo "2252"]
[BlackElo "2299"]
[PlyCount "97"]
[EventDate "2013.11.12"]
[EventRounds "9"]
[EventCountry "CRO"]

1. d4 f5 2. Nf3 Nf6 3. g3 e6 4. Bg2 d5 5. O-O Bd6 6. c4 c6 7. Bf4 O-O 8. Nbd2
Bxf4 9. gxf4 Bd7 10. Qc2 Be8 11. Rac1 Ne4 12. Ne5 Qh4 13. e3 Nd7 14. Nxd7 Bxd7
15. Nf3 Qe7 16. Ne5 Be8 17. Bxe4 fxe4 18. f3 exf3 19. Rxf3 Rf6 20. Rg3 b6 21.
c5 Rb8 22. b3 Rb7 23. cxb6 Rxb6 24. Qg2 Kf8 25. Rc5 Rf5 26. Qc2 Qb7 27. Ra5 Rb5
28. Rxb5 Qxb5 29. Rg2 g6 30. Qc3 Ke7 31. b4 Kd6 32. Qc5+ Qxc5 33. bxc5+ Kc7 34.
Rg5 Kb7 35. h4 Ka6 36. Kf2 Rxg5 37. fxg5 Kb5 38. Ng4 Bf7 39. Nf6 a5 40. Ke2 a4
41. Nxh7 Kb4 42. Kd3 e5 43. dxe5 Kxc5 44. Nf8 d4 45. exd4+ Kd5 46. h5 gxh5 47.
g6 Bg8 48. Nd7 Ke6 49. Nf6 1-0

[Event "Wch Seniors (Women) 23rd 2013"]
[Site "Opatija"]
[Date "2013.11.15"]
[Round "4.6"]
[White "Lauterbach, Ingrid"]
[Black "Milligan, Helen"]
[Result "1/2-1/2"]
[WhiteElo "2132"]
[BlackElo "1977"]
[PlyCount "93"]
[EventDate "2013.11.12"]
[EventRounds "9"]
[EventCountry "CRO"]

1. e4 e5 2. Nf3 Nc6 3. Bc4 Bc5 4. c3 Nf6 5. O-O d6 6. d4 Bb6 7. dxe5 Nxe5 8.
Nxe5 dxe5 9. Qxd8+ Kxd8 10. Bg5 Ke7 11. Nd2 Be6 12. Be2 c6 13. Nc4 Bc7 14. a4
h6 15. Bxf6+ Kxf6 16. g3 Rhd8 17. f4 exf4 18. gxf4 Ke7 19. b4 Bxc4 20. Bxc4 Rd2
21. e5 Rad8 22. a5 Rc2 23. Rac1 Rxc1 24. Rxc1 f6 25. Re1 fxe5 26. fxe5 Rd2 27.
h3 b6 28. Rf1 Bxe5 29. Rf7+ Kd6 30. Rxa7 bxa5 31. bxa5 Bxc3 32. Kf1 Rf2+ 33.
Kxf2 Bd4+ 34. Kf3 Bxa7 35. Ke4 Kc5 36. Be2 Kb4 37. a6 Kc3 38. Ke5 Kd2 39. Bf3
c5 40. Kd5 Ke3 41. Bd1 Kf4 42. Be2 c4 43. Kxc4 Kg3 44. Bg4 h5 45. Be6 g5 46.
Kd5 g4 47. Bxg4 1/2-1/2

[Event "Wch Seniors (Women) 23rd 2013"]
[Site "Opatija"]
[Date "2013.11.15"]
[Round "4.7"]
[White "Ankudinova, Yelena"]
[Black "Kabanova, Irina"]
[Result "1-0"]
[WhiteElo "2121"]
[BlackElo "1951"]
[PlyCount "101"]
[EventDate "2013.11.12"]
[EventRounds "9"]
[EventCountry "CRO"]

1. c4 c5 2. Nc3 Nc6 3. Nf3 Nf6 4. d4 cxd4 5. Nxd4 e6 6. a3 a6 7. e4 Qc7 8. Be3
d6 9. Rc1 Qb8 10. Be2 Be7 11. O-O O-O 12. f3 Bd7 13. a4 b6 14. Qd2 Qb7 15. Rfd1
Rfc8 16. b3 Na5 17. Qa2 Nc6 18. Bf1 Nxd4 19. Bxd4 e5 20. Be3 Be6 21. Qf2 Rab8
22. Bd3 Nd7 23. Bc2 h6 24. Rd2 Nf6 25. Rcd1 Re8 26. g3 Rec8 27. Kh1 Bd7 28. Bd3
Be6 29. h4 Rf8 30. Rg1 Nd7 31. g4 g5 32. Bc2 Kg7 33. Kg2 f6 34. Rh1 Rh8 35. Nd5
Bxd5 36. exd5 a5 37. Rdd1 Nc5 38. Qe2 Nd7 39. Bc1 Kf7 40. Rh2 Kg7 41. Qe4 Rbg8
42. Rdh1 Nf8 43. Be3 Bd8 44. b4 Qa7 45. hxg5 fxg5 46. Rb1 Qf7 47. c5 bxc5 48.
bxc5 dxc5 49. d6 Nd7 50. Rb7 Bf6 51. Rxd7 1-0

[Event "Wch Seniors (Women) 23rd 2013"]
[Site "Opatija"]
[Date "2013.11.15"]
[Round "4.8"]
[White "Khalturina, Tatiana"]
[Black "Beltz, Martina"]
[Result "1-0"]
[WhiteElo "1823"]
[BlackElo "2100"]
[PlyCount "67"]
[EventDate "2013.11.12"]
[EventRounds "9"]
[EventCountry "CRO"]

1. d4 d5 2. c4 e6 3. Nc3 c6 4. Nf3 f5 5. Bg5 Nf6 6. cxd5 exd5 7. Ne5 Bd6 8. e3
O-O 9. Qb3 Qe8 10. Nd3 Na6 11. O-O-O Ne4 12. Bf4 Bxf4 13. exf4 Nc7 14. Re1 Qd8
15. f3 Nd6 16. Ne5 Ne6 17. Ne2 Nb5 18. Rd1 Qd6 19. g3 Nbxd4 20. Nxd4 Nxd4 21.
Rxd4 Qc5+ 22. Qc3 Qb6 23. b4 a5 24. Qc5 Qd8 25. b5 Bd7 26. Kd2 Be8 27. b6 h6
28. h4 Rf6 29. Bd3 Rf8 30. Re1 Rf6 31. a4 Bh5 32. Re3 Rf8 33. Bc4 Kh8 34. Bd3
1-0

[Event "Wch Seniors (Women) 23rd 2013"]
[Site "Opatija"]
[Date "2013.11.15"]
[Round "4.10"]
[White "Kierzek, Mira"]
[Black "Arginbayeva, Maryana"]
[Result "1-0"]
[WhiteElo "2005"]
[BlackElo "1518"]
[PlyCount "87"]
[EventDate "2013.11.12"]
[EventRounds "9"]
[EventCountry "CRO"]

1. d4 e6 2. c4 d5 3. Nf3 Nf6 4. Nc3 Bb4 5. Qc2 Nc6 6. Bg5 h6 7. Bf4 Ne4 8. e3
Bxc3+ 9. bxc3 a6 10. h3 O-O 11. Bd3 f5 12. Ne5 Qe8 13. O-O Ne7 14. f3 Nf6 15.
Bh2 c6 16. Rae1 Ng6 17. cxd5 cxd5 18. c4 Nxe5 19. Bxe5 Nh5 20. cxd5 exd5 21.
Qb3 Qf7 22. Rc1 Be6 23. Rc7 Qg6 24. Rxb7 Rac8 25. Kh2 Qg5 26. g4 fxg4 27. fxg4
Rxf1 28. Bxf1 Nf6 29. Bf4 Qh4 30. Kg2 Ne4 31. Qb2 Rf8 32. Rb8 Rxb8 33. Qxb8+
Kh7 34. Bg3 Nxg3 35. Qxg3 Qxg3+ 36. Kxg3 g5 37. Bxa6 Kg6 38. a4 h5 39. gxh5+
Kxh5 40. Bb7 Kg6 41. a5 Kf5 42. a6 Ke4 43. a7 Kxe3 44. a8=Q 1-0

[Event "Wch Seniors (Women) 23rd 2013"]
[Site "Opatija"]
[Date "2013.11.15"]
[Round "4.12"]
[White "Hoose, Hannelore"]
[Black "Beliaeva, Natalia"]
[Result "0-1"]
[WhiteElo "1740"]
[BlackElo "2027"]
[PlyCount "82"]
[EventDate "2013.11.12"]
[EventRounds "9"]
[EventCountry "CRO"]

1. e4 c6 2. d4 d5 3. e5 Bf5 4. c3 Qc7 5. Bd3 Bxd3 6. Qxd3 e6 7. Nf3 c5 8. O-O
Nc6 9. a3 Nge7 10. Re1 Ng6 11. b4 c4 12. Qc2 Be7 13. a4 O-O 14. Qe2 a6 15. Na3
Qd7 16. Nc2 h6 17. Bd2 Nd8 18. a5 Nc6 19. Kh1 Na7 20. Na3 Qc7 21. Nc2 Rfb8 22.
g3 b6 23. Be3 bxa5 24. Rxa5 Nc6 25. Ra4 a5 26. Rea1 Ra7 27. Qd1 axb4 28. Nxb4
Bxb4 29. Rxa7 Nxa7 30. cxb4 Rxb4 31. Bd2 Rb3 32. Ne1 Qb7 33. Qc1 Nc6 34. Bc3
Ncxe5 35. Kg1 Nd7 36. Qc2 Nf6 37. f3 Ne8 38. Kg2 Nd6 39. Qc1 Nb5 40. Rb1 Nxc3
41. Qxc3 Rxb1 0-1

[Event "Wch Seniors (Women) 23rd 2013"]
[Site "Opatija"]
[Date "2013.11.16"]
[Round "5.1"]
[White "Miednikova, Swietlana"]
[Black "Khmiadashvili, Tamar"]
[Result "0-1"]
[WhiteElo "2166"]
[BlackElo "2158"]
[PlyCount "126"]
[EventDate "2013.11.12"]
[EventRounds "9"]
[EventCountry "CRO"]

1. e4 e5 2. Nf3 Nc6 3. Bb5 Nd4 4. Bc4 Nxf3+ 5. Qxf3 Qf6 6. Qg3 d6 7. Nc3 c6 8.
O-O Qg6 9. Qxg6 hxg6 10. d3 Nf6 11. f4 Be7 12. a4 Be6 13. Bxe6 fxe6 14. Ne2
O-O-O 15. h3 Nd7 16. fxe5 dxe5 17. Be3 a6 18. d4 Rh4 19. Nc3 exd4 20. Bxd4 Bc5
21. Bxc5 Nxc5 22. Rae1 a5 23. b3 e5 24. Rf7 Rd7 25. Ref1 Rh7 26. Rf8+ Kc7 27.
Re8 Rh5 28. Rf2 Rd8 29. Rf7+ Rd7 30. Ree7 Rh7 31. Rxd7+ Nxd7 32. Nd1 Kd6 33.
Ne3 Ke6 34. Rf1 Rh4 35. Nc4 Rxe4 36. Nxa5 b5 37. axb5 cxb5 38. c4 bxc4 39. Nxc4
Nc5 40. Nd2 Rd4 41. Rf2 e4 42. Re2 Kd5 43. Kf2 Nd3+ 44. Kg3 Nc1 45. Re1 Rd3+
46. Kf4 g5+ 47. Kf5 Rxd2 48. Rxc1 Rf2+ 49. Kg6 Rxg2 50. Kxg7 Rb2 51. Rg1 Rxb3
52. Rxg5+ Kd4 53. h4 Rb7+ 54. Kg8 e3 55. Rg4+ Ke5 56. h5 e2 57. Rg1 Kf6 58.
Rg6+ Kf5 59. Rg1 Re7 60. Re1 Kg5 61. Kf8 Re3 62. h6 Kxh6 63. Kf7 Kg5 0-1

[Event "Wch Seniors (Women) 23rd 2013"]
[Site "Opatija"]
[Date "2013.11.16"]
[Round "5.2"]
[White "Bogumil, Tatiana"]
[Black "Fatalibekova, Elena"]
[Result "1/2-1/2"]
[WhiteElo "2074"]
[BlackElo "2252"]
[PlyCount "55"]
[EventDate "2013.11.12"]
[EventRounds "9"]
[EventCountry "CRO"]

1. Nf3 Nf6 2. c4 c5 3. g3 d5 4. Bg2 Nc6 5. O-O e5 6. cxd5 Nxd5 7. d3 Be7 8. a3
O-O 9. Nbd2 Be6 10. Nc4 f6 11. h3 Qd7 12. Kh2 Rfd8 13. Bd2 Bf8 14. Rb1 Rac8 15.
b3 b5 16. Na5 Nd4 17. Ne1 Kh8 18. e3 Nc6 19. Nxc6 Rxc6 20. Nc2 Rcc8 21. Ba5 Nb6
22. Re1 Qxd3 23. Qxd3 Rxd3 24. Bf1 Rxb3 25. Bxb5 c4 26. e4 Bxa3 27. Rxb3 cxb3
28. Nxa3 1/2-1/2

[Event "Wch Seniors (Women) 23rd 2013"]
[Site "Opatija"]
[Date "2013.11.16"]
[Round "5.4"]
[White "Baliuniene, Margarita"]
[Black "Ankudinova, Yelena"]
[Result "0-1"]
[WhiteElo "1885"]
[BlackElo "2121"]
[PlyCount "68"]
[EventDate "2013.11.12"]
[EventRounds "9"]
[EventCountry "CRO"]

1. d4 Nf6 2. c4 e6 3. Nc3 Bb4 4. Nf3 O-O 5. Qc2 d5 6. cxd5 exd5 7. e3 c6 8. Bd3
Re8 9. O-O Nbd7 10. a3 Bd6 11. b4 a6 12. Bb2 Nf8 13. e4 dxe4 14. Nxe4 Nxe4 15.
Bxe4 Be6 16. Rad1 Bd5 17. Rfe1 a5 18. Bxd5 cxd5 19. Qb3 axb4 20. axb4 Rxe1+ 21.
Rxe1 Qd7 22. Bc3 Qb5 23. Ne5 Ne6 24. Rb1 Bxe5 25. dxe5 d4 26. Bb2 Qxe5 27. Qc4
h6 28. Rd1 Rd8 29. g3 b5 30. Qd3 Qd5 31. Rc1 Re8 32. Rd1 Ng5 33. h4 Nf3+ 34.
Kf1 Ne1 0-1

[Event "Wch Seniors (Women) 23rd 2013"]
[Site "Opatija"]
[Date "2013.11.16"]
[Round "5.5"]
[White "Khropova, Larisa"]
[Black "Khalturina, Tatiana"]
[Result "1-0"]
[WhiteElo "2009"]
[BlackElo "1823"]
[PlyCount "89"]
[EventDate "2013.11.12"]
[EventRounds "9"]
[EventCountry "CRO"]

1. d4 d5 2. Nf3 Nf6 3. Bf4 e6 4. e3 Be7 5. Nbd2 c6 6. c3 Nbd7 7. Bd3 a5 8. h3
a4 9. O-O O-O 10. Ne5 Ne8 11. Bg3 f5 12. Bc2 Nxe5 13. Bxe5 b5 14. f4 c5 15. g4
c4 16. a3 Nd6 17. Bxd6 Bxd6 18. gxf5 exf5 19. Nf3 Qe7 20. Qe1 Re8 21. Ne5 Qf6
22. Kh2 Ra7 23. Rg1 Be7 24. Qg3 Qh6 25. Rg2 Bh4 26. Qf3 Be6 27. Rag1 Bf6 28.
Bd1 Bxe5 29. dxe5 g6 30. Rd2 Rd8 31. Rd4 Rg7 32. Rg5 Qh4 33. Qg2 Qe1 34. Rg3
Rdd7 35. Be2 Qc1 36. Bd1 h6 37. h4 g5 38. hxg5 hxg5 39. fxg5 Rh7+ 40. Kg1 f4
41. exf4 Rh4 42. Qc2 Qxc2 43. Bxc2 Rf7 44. f5 Rxd4 45. fxe6 1-0

[Event "Wch Seniors (Women) 23rd 2013"]
[Site "Opatija"]
[Date "2013.11.16"]
[Round "5.7"]
[White "Milligan, Helen"]
[Black "Kierzek, Mira"]
[Result "1/2-1/2"]
[WhiteElo "1977"]
[BlackElo "2005"]
[PlyCount "82"]
[EventDate "2013.11.12"]
[EventRounds "9"]
[EventCountry "CRO"]

1. e4 c5 2. Nf3 Nc6 3. Bb5 d6 4. d4 cxd4 5. Qxd4 Bd7 6. Bxc6 Bxc6 7. Nc3 Nf6 8.
Bg5 e6 9. O-O-O Be7 10. Rhe1 O-O 11. Kb1 Qa5 12. Qd2 Qc7 13. Nd4 a6 14. f3 b5
15. Nxc6 Qxc6 16. Ne2 Rac8 17. Nd4 Qc5 18. g4 Nxe4 19. Rxe4 Bxg5 20. f4 Bf6 21.
Nb3 Qc7 22. g5 Be7 23. h4 d5 24. Re2 Bd6 25. Rf1 Qc4 26. Nc1 Bb4 27. Qe3 a5 28.
Nd3 Bc5 29. Qf3 Bd6 30. h5 b4 31. Qh3 Rfe8 32. g6 d4 33. gxf7+ Kxf7 34. f5 exf5
35. Qxf5+ Kg8 36. Rxe8+ Rxe8 37. Qd7 Qe6 38. Qa7 Qd5 39. Qd7 Qe6 40. Qa7 Qd5
41. Qd7 Qe6 1/2-1/2

[Event "Wch Seniors (Women) 23rd 2013"]
[Site "Opatija"]
[Date "2013.11.16"]
[Round "5.9"]
[White "Strutinskaya, Galina N"]
[Black "Beliaeva, Natalia"]
[Result "1-0"]
[WhiteElo "2299"]
[BlackElo "2027"]
[PlyCount "51"]
[EventDate "2013.11.12"]
[EventRounds "9"]
[EventCountry "CRO"]

1. c4 c6 2. Nf3 Nf6 3. Nc3 d5 4. e3 Nbd7 5. d4 e6 6. Qc2 Bd6 7. b3 O-O 8. Bb2
Re8 9. O-O-O dxc4 10. Bxc4 b5 11. Bd3 b4 12. Ne4 Be7 13. Neg5 g6 14. Qxc6 Nb6
15. Ne5 Rf8 16. Qf3 Qc7+ 17. Kb1 Bb7 18. e4 a5 19. Qg3 a4 20. Nxg6 Qxg3 21.
Nxe7+ Kg7 22. hxg3 h6 23. d5 hxg5 24. Rh7+ Kxh7 25. Bxf6 e5 26. Rh1# 1-0

[Event "Wch Seniors (Women) 23rd 2013"]
[Site "Opatija"]
[Date "2013.11.16"]
[Round "5.12"]
[White "Arginbayeva, Maryana"]
[Black "Afanasieva, Elena"]
[Result "1/2-1/2"]
[WhiteElo "1518"]
[BlackElo "1625"]
[PlyCount "89"]
[EventDate "2013.11.12"]
[EventRounds "9"]
[EventCountry "CRO"]

1. d4 Nf6 2. c4 g6 3. Nc3 Bg7 4. e4 d6 5. Be2 O-O 6. Nf3 Bg4 7. O-O Bxf3 8.
Bxf3 e5 9. d5 Nbd7 10. Be3 a6 11. Be2 Rc8 12. Qd2 Re8 13. Bg5 Nf8 14. Qe3 c6
15. b4 Qc7 16. f4 exf4 17. Rxf4 N6d7 18. Raf1 Be5 19. Rxf7 Bxc3 20. Qxc3 Re5
21. Bh6 Rce8 22. Kh1 cxd5 23. exd5 Qd8 24. Bg4 R8e7 25. Be6 Nxe6 26. dxe6 R7xe6
27. h3 Qe8 28. Kh2 Re7 29. Rf8+ Nxf8 30. Rxf8+ Qxf8 31. Bxf8 Kxf8 32. a4 Rf7
33. Qd4 Rfe7 34. Qxd6 R5e6 35. Qb8+ Kf7 36. Qf4+ Rf6 37. Qd4 Re2 38. Qd7+ Re7
39. Qd5+ Rfe6 40. b5 axb5 41. axb5 Kg7 42. Qd4+ Kh6 43. Qh4+ Kg7 44. Qd4+ Kh6
45. Qh4+ 1/2-1/2

[Event "Wch Seniors (Women) 23rd 2013"]
[Site "Opatija"]
[Date "2013.11.18"]
[Round "6.1"]
[White "Khmiadashvili, Tamar"]
[Black "Bogumil, Tatiana"]
[Result "1/2-1/2"]
[WhiteElo "2158"]
[BlackElo "2074"]
[PlyCount "156"]
[EventDate "2013.11.12"]
[EventRounds "9"]
[EventCountry "CRO"]

1. e4 e5 2. Nc3 Nc6 3. g3 g6 4. Bg2 Bg7 5. d3 Nge7 6. Nge2 d6 7. O-O Bg4 8. h3
Be6 9. Nd5 h6 10. c3 Qd7 11. Kh2 Nd8 12. Nxe7 Qxe7 13. f4 c5 14. f5 Bd7 15. g4
Nc6 16. Be3 O-O-O 17. a3 Bf6 18. Qd2 Bg5 19. b4 Bxe3 20. Qxe3 Qg5 21. Qxg5 hxg5
22. Kg3 gxf5 23. exf5 f6 24. b5 Ne7 25. c4 d5 26. Nc3 dxc4 27. dxc4 b6 28. Ne4
Rhf8 29. Rad1 Be8 30. Rxd8+ Kxd8 31. Rd1+ Kc7 32. Rd6 Ng8 33. h4 gxh4+ 34. Kxh4
Bd7 35. a4 Bc8 36. Rc6+ Kb8 37. Kg3 Bb7 38. Rd6 Kc7 39. Rd2 Bxe4 40. Bxe4 Rd8
41. Rxd8 Kxd8 42. Kh4 Ne7 43. g5 Ke8 44. gxf6 Nc8 45. Bd5 Nd6 46. Kg5 Kf8 47.
f7 e4 48. Kf4 e3 49. Kxe3 Nxf5+ 50. Kf4 Nd4 51. Ke5 Ne2 52. Kd6 Nc3 53. a5 bxa5
54. Kxc5 Ke7 55. Bc6 Kxf7 56. Kd4 Na2 57. Bd5+ Ke7 58. c5 Nb4 59. Bb3 Kd7 60.
Kc4 Kc7 61. Bd1 Kb8 62. Be2 Nc2 63. Bd3 Nb4 64. Be4 Na2 65. Kb3 Nc1+ 66. Ka4
Ne2 67. Kxa5 Nd4 68. Kb4 Kc7 69. Bd5 Nf5 70. Ka5 Ne7 71. Be4 Nc8 72. Ka6 Kb8
73. Bd5 Ne7 74. Be6 Ng6 75. c6 Ne5 76. c7+ Kxc7 77. Kxa7 Nc6+ 78. Ka6 Nb8+
1/2-1/2

[Event "Wch Seniors (Women) 23rd 2013"]
[Site "Opatija"]
[Date "2013.11.18"]
[Round "6.3"]
[White "Fatalibekova, Elena"]
[Black "Khropova, Larisa"]
[Result "1/2-1/2"]
[WhiteElo "2252"]
[BlackElo "2009"]
[PlyCount "55"]
[EventDate "2013.11.12"]
[EventRounds "9"]
[EventCountry "CRO"]

1. Nf3 d5 2. d4 Nf6 3. c4 c6 4. Qc2 g6 5. cxd5 cxd5 6. Bf4 Nc6 7. e3 Nh5 8. Bg5
h6 9. Bh4 Bg7 10. Nc3 g5 11. Bg3 Nxg3 12. hxg3 e6 13. g4 Bd7 14. a3 a6 15. Be2
b5 16. Kf1 Na5 17. g3 Rc8 18. Kg2 Nc4 19. Nd2 Qc7 20. Nxc4 bxc4 21. f4 Qd8 22.
Rh5 gxf4 23. gxf4 Qf6 24. b4 Qg6 25. Ra2 Rb8 26. Kf2 Qxc2 27. Rxc2 Ke7 28. Bf3
1/2-1/2

[Event "Wch Seniors (Women) 23rd 2013"]
[Site "Opatija"]
[Date "2013.11.18"]
[Round "6.4"]
[White "Ankudinova, Yelena"]
[Black "Titorenko, Natalia I"]
[Result "1-0"]
[WhiteElo "2121"]
[BlackElo "2143"]
[PlyCount "99"]
[EventDate "2013.11.12"]
[EventRounds "9"]
[EventCountry "CRO"]

1. c4 c6 2. Nf3 Nf6 3. d4 d6 4. Nc3 Nbd7 5. e4 e5 6. Be2 Be7 7. O-O h6 8. b3
Qc7 9. Ba3 Nf8 10. Re1 Ng6 11. h3 O-O 12. Qc2 Nf4 13. Bf1 Re8 14. Rad1 Bf8 15.
Bc1 g5 16. Ne2 N6h5 17. Nxf4 Nxf4 18. Kh2 Ng6 19. d5 c5 20. Ng1 a5 21. a4 Qe7
22. Be2 Qf6 23. Bg4 Nf4 24. g3 Ng6 25. Rf1 Qe7 26. Qe2 Bg7 27. Rde1 Bd7 28.
Bxd7 Qxd7 29. Qh5 Nf8 30. h4 f6 31. f4 gxh4 32. Qxh4 Ng6 33. Qh5 Qf7 34. Nf3
Nh8 35. Qh3 h5 36. Nh4 Rad8 37. Nf5 Qg6 38. Kg2 Nf7 39. Rh1 Nh6 40. Nxh6+ Bxh6
41. Qxh5 Qxh5 42. Rxh5 Bg7 43. Kf3 Rd7 44. Bd2 b6 45. f5 Kf7 46. Reh1 Rg8 47.
g4 Rdd8 48. Rh7 Ke8 49. g5 Rb8 50. Rxg7 1-0

[Event "Wch Seniors (Women) 23rd 2013"]
[Site "Opatija"]
[Date "2013.11.18"]
[Round "6.5"]
[White "Milashevskaja, Valentina"]
[Black "Miednikova, Swietlana"]
[Result "0-1"]
[WhiteElo "1814"]
[BlackElo "2166"]
[PlyCount "68"]
[EventDate "2013.11.12"]
[EventRounds "9"]
[EventCountry "CRO"]

1. d4 d5 2. c4 dxc4 3. e4 Nf6 4. Nc3 e5 5. Qa4+ Bd7 6. Qxc4 exd4 7. Qxd4 Nc6 8.
Qd1 Bb4 9. Bg5 h6 10. Bxf6 Qxf6 11. Qf3 Qg6 12. Nge2 O-O 13. O-O-O Bg4 14. Qe3
Bxc3 15. bxc3 Rad8 16. f3 Rxd1+ 17. Kxd1 Rd8+ 18. Kc2 Qd6 19. Nd4 Be6 20. Bd3
Nxd4+ 21. Qxd4 Qxd4 22. cxd4 Rxd4 23. Rb1 b6 24. a3 c5 25. Kc3 Ra4 26. Ra1 Kf8
27. Bb5 Ra5 28. a4 a6 29. Bc6 b5 30. Rd1 Rxa4 31. e5 Ke7 32. Rd2 Ra3+ 33. Kb2
b4 34. Bd5 c4 0-1

[Event "Wch Seniors (Women) 23rd 2013"]
[Site "Opatija"]
[Date "2013.11.18"]
[Round "6.6"]
[White "Khalturina, Tatiana"]
[Black "Strutinskaya, Galina N"]
[Result "0-1"]
[WhiteElo "1823"]
[BlackElo "2299"]
[PlyCount "78"]
[EventDate "2013.11.12"]
[EventRounds "9"]
[EventCountry "CRO"]

1. d4 d5 2. c4 e6 3. Nc3 c6 4. Nf3 dxc4 5. e4 b5 6. a3 a6 7. Be2 Nd7 8. O-O Bb7
9. e5 Ne7 10. b3 Nd5 11. Qc2 cxb3 12. Qxb3 c5 13. dxc5 Bxc5 14. Bg5 Qb6 15. Ne4
h6 16. Bd2 O-O 17. Rac1 Nf4 18. Bxf4 Bxe4 19. a4 b4 20. Nd2 Bc6 21. Bf3 Rac8
22. Nc4 Qb8 23. Bxc6 Rxc6 24. Kh1 Rfc8 25. h4 Be7 26. g3 Qc7 27. Nd6 Bxd6 28.
exd6 Qb6 29. Rxc6 Rxc6 30. Be3 Qb7 31. Kh2 Rxd6 32. Rc1 a5 33. Rc4 Ne5 34. Rc1
Qe4 35. Rc8+ Kh7 36. Qc2 Ng4+ 37. Kg1 Qxc2 38. Rxc2 Nxe3 39. fxe3 Rd3 0-1

[Event "Wch Seniors (Women) 23rd 2013"]
[Site "Opatija"]
[Date "2013.11.18"]
[Round "6.7"]
[White "Kabanova, Irina"]
[Black "Beltz, Martina"]
[Result "0-1"]
[WhiteElo "1951"]
[BlackElo "2100"]
[PlyCount "92"]
[EventDate "2013.11.12"]
[EventRounds "9"]
[EventCountry "CRO"]

1. e4 c5 2. Nf3 e6 3. c4 Nc6 4. Nc3 Nd4 5. d3 g6 6. Nxd4 cxd4 7. Ne2 Bg7 8. Ng1
Ne7 9. Be2 O-O 10. f4 f5 11. Nf3 d6 12. O-O fxe4 13. dxe4 e5 14. c5 exf4 15.
Bc4+ d5 16. exd5 Nxd5 17. Qb3 Rf5 18. Rd1 Kh8 19. Nxd4 Bxd4+ 20. Rxd4 Qe7 21.
Bd2 Qxc5 22. Bc3 Nf6 23. Kh1 h5 24. Rd5 Qc6 25. Rad1 f3 26. Bxf6+ Rxf6 27. Rd8+
Kg7 28. gxf3 Bg4 29. Bd5 Bxf3+ 30. Bxf3 Rxf3 31. Qg8+ Kh6 32. Qh8+ Kg5 33. Kg1
Qb6+ 34. Kh1 Qc6 35. Kg1 Qb6+ 36. Kh1 Rxd8 37. Qxd8+ Qxd8 38. Rxd8 Rf2 39. Rd5+
Kf4 40. Rb5 b6 41. Kg1 Rc2 42. a4 Re2 43. a5 Re5 44. Rb4+ Kf3 45. Rb3+ Re3 46.
axb6 axb6 0-1

[Event "Wch Seniors (Women) 23rd 2013"]
[Site "Opatija"]
[Date "2013.11.18"]
[Round "6.8"]
[White "Kierzek, Mira"]
[Black "Baliuniene, Margarita"]
[Result "1/2-1/2"]
[WhiteElo "2005"]
[BlackElo "1885"]
[PlyCount "78"]
[EventDate "2013.11.12"]
[EventRounds "9"]
[EventCountry "CRO"]

1. d4 d5 2. Nf3 Nf6 3. c4 e6 4. g3 Be7 5. Bg2 O-O 6. O-O Nbd7 7. Nc3 dxc4 8. e4
Nb6 9. a4 c5 10. a5 cxd4 11. Nxd4 Nbd7 12. Qa4 Ne5 13. Nf3 Bd7 14. Qa2 Nxf3+
15. Bxf3 Bb4 16. Qxc4 Bxa5 17. e5 Bxc3 18. bxc3 Rc8 19. Qb3 Nd5 20. c4 Nb6 21.
c5 Nd5 22. Qxb7 Rxc5 23. Qxa7 Qc7 24. Qxc7 Rxc7 25. Ba3 Rfc8 26. Bd6 Rc3 27.
Kg2 Bc6 28. Bxd5 Bxd5+ 29. Kg1 h5 30. Ba3 Kh7 31. Rac1 Kg6 32. Bb2 Rc2 33. Rxc2
Rxc2 34. Bd4 Kf5 35. h3 g5 36. Re1 Rd2 37. Bc3 Rd3 38. Bb2 Rd2 39. Bc3 Rd3
1/2-1/2